000 00455nam a22001937a 4500
003 MPLRDC
005 20220104144033.0
008 210129b ||||| |||| 00| 0 eng d
020 _a957-508-287-7
082 _a175.9 GYN
100 _a关英男 著; 李玲瑜 译
245 _a怎样开发超能力
_c
250 _a初版
260 _a
_b旺文
_c1995
300 _b
490 _a生活智慧丛书
650 _a
942 _cBK
_o175.9 GYN
999 _c45765
_d45755